| Tag |
First Indicator |
Second Indicator |
Subfields |
| LEADER |
00000cam a2200000 a 4500 |
| 001 |
in00000014910 |
| 005 |
20151007052923.0 |
| 008 |
860314s1985 at a b 00010 eng |
| 010 |
|
|
|a 86131812
|
| 020 |
|
|
|a 0864170173 (pbk.)
|
| 020 |
|
|
|z 0844170173 (cover)
|
| 035 |
|
|
|a (OCoLC)13699430
|
| 035 |
|
|
|9 AAA9711AM
|
| 040 |
|
|
|a DLC
|c DLC
|d m/c
|d TXA
|d UtOrBLW
|
| 043 |
|
|
|a u-at---
|
| 049 |
|
|
|a TXAM
|c [A09301345]
|
| 050 |
0 |
0 |
|a TT854.3
|b .C35 1985
|
| 050 |
|
4 |
|a TT854.3
|b .C35 1985b
|
| 082 |
0 |
|
|a 667/.26
|2 19
|
| 100 |
1 |
|
|a Carman, Jean K.
|
| 245 |
1 |
0 |
|a Dyemaking with eucalypts /
|c Jean K. Carman.
|
| 264 |
|
1 |
|a Kenthurst, N.S.W. :
|b Kangaroo Press,
|c 1985.
|
| 300 |
|
|
|a 75 pages :
|b illustrations (some color) ;
|c 24 cm.
|
| 336 |
|
|
|a text
|b txt
|2 rdacontent
|
| 337 |
|
|
|a unmediated
|b n
|2 rdamedia
|
| 338 |
|
|
|a volume
|b nc
|2 rdacarrier
|
| 504 |
|
|
|a Bibliography: pages 74-75.
|
| 650 |
|
0 |
|a Dyes and dyeing, Domestic.
|
| 650 |
|
0 |
|a Eucalyptus
|z Australia.
|
| 650 |
|
0 |
|a Dye plants
|z Australia.
|
| 999 |
|
|
|a MARS
|
| 999 |
f |
f |
|s 4fe8f551-bb2b-3775-936a-eb8210152939
|i 6f53d5da-2469-3d2e-9b0a-0c7ac52b55eb
|t 0
|
| 952 |
f |
f |
|p ric
|a Texas A&M University
|b Rellis Campus
|c Joint Library Facility
|d Remote Storage
|t 0
|e TT854.3 .C35 1985b
|h Library of Congress classification
|i unmediated -- volume
|m A14809301345
|
| 998 |
f |
f |
|a TT854.3 .C35 1985b
|t 0
|l Remote Storage
|